| 000 | 03411nam a2200361 u 4500 | ||
|---|---|---|---|
| 001 | 000019910 | ||
| 003 | DO-SdBNP | ||
| 005 | 20260427121709.0 | ||
| 008 | 100709t2009 dr a r 001 0 spa d | ||
| 020 | _a9789945443493 | ||
| 040 |
_aDO-SdBNP _bspa _cBNPHU |
||
| 082 | 4 |
_aRD860.8 _bC744o, 2008 _222 |
|
| 111 | 2 |
_aConcurso de arte y literatura Bancentral _n(12ª: _d2008 : _cSanto Domingo, República Dominicana) _942467 |
|
| 245 | 1 | 0 |
_aObras premiadas / _cpresentación, Héctor Valdez Albizu ; edición, Elvis Francis Soto. |
| 260 |
_aSanto Domingo : _bDepartamento Cultural del Banco Central, _c2009. |
||
| 300 |
_a188 p. : _bil., retr. ; _c23 cm. |
||
| 490 | 1 |
_aBanco Central de la República Dominicana _v127 |
|
| 490 | 1 |
_aObras premiadas _v12 |
|
| 500 | _aIncluye síntesis biográfica de los autores premiados. | ||
| 505 | 0 |
_gPresentación -- _tCuento : _tPrimer premio : _tSin bolitas azules la tarde es otra cosa / _rAriadna Adames Rojas -- _gSegundo premio : _tRodolfo / _rTeresa Calderón Cabral -- _gTercer premio : _tLos hombres no lloran / _rLuis Antonio Sánchez Cavallo -- _gPrimera mención de honor : _tLocura, aquel tiempo de tristeza / _rAriadna Adames Rojas -- _gSegunda mención honor : _tUn gato como regalo / _rLuis Francisco Córdova Vásquez / _gTercera mención de honor : _tQue viva el toro / _rMáximo Mendoza -- _gCuarta mención de honor : _tHoy / _rRafael Cintrón -- _gQuinta mención de honor : _tSísifa / _rEllen Pérez Ducy -- _gSexta mención de honor : _tAnorexius tremis / _rPatricia Carolina Landolfi -- _gSéptima mención de honor : _tEl mechón / _rNércido Melanio Vargas -- _gPintura : _gPrimer premio : _tZanahorias / _rCándida V. Laureano de Mejía -- _gSegundo premio : _tBodegón de luz / _rAriadna Adames Rojas -- _gTercer premio : _tBodegón en sepia / _rTeresa Calderón Cabral -- _gPrimera mención de honor : _tLos tulipanes / _rCándida V. Laureano de Mejía -- _gSegunda mención de honor : _tEl Ozama camina por Guachupita / _rGeraldo A. Pimentel Ramírez -- _gTercera mención de honor : _tAmapolas del campo de Francia / _rCelina Fondeur Cernuda -- _gCuarta mención de honor : _tTernura / _rMaritza Balbuena -- _gDibujo : _gPrimer premio : _tFlor de loto / _rJuan Élido Estevéz Hurtado -- _gSegundo premio : _tMañana campesina / _rGeraldo Amable Pimentel Ramírez -- _gTercer premio : _tLa barquita / _rYsabel Yrene Lora Ramírez -- _gMención de honor : _tAlgunas manzanas / _rYsabel Yrene Lora Ramírez -- |
|
| 505 | 0 |
_gFotografía : _gPrimer premio : _tEl colorao / _rAlejandro Guzmán Ireomazzo -- _gSegundo premio : _tZupia / _rSabrina Hernández Batle -- _gTercer premio : _tSin aplausos por favor / _rAlfredo Antonio Gell Gómez -- _gSegunda menció de honor : _tAlfarero en creación / _rRafael V. Ravelo Peña -- _tMiembros del jurado del concurso de Arte y Literatura -- _tColección del Banco Central de la República Dominicana. |
|
| 586 | _aPremios del concurso de arte y literatura Bancentral 2008. | ||
| 590 | _aInventariado, 2018/BT | ||
| 650 | 4 |
_aArte y literatura _xPremios _923011 |
|
| 650 | 4 |
_aArte dominicano _ySiglo XX _923012 |
|
| 650 | 4 |
_aPintura dominicana _xPremios _923013 |
|
| 650 | 4 |
_aLiteratura dominicana _ySiglo XX _985167 |
|
| 700 | 1 |
_aSoto, Elvis Francis, _eed. _939156 |
|
| 700 | 1 |
_aValdez Albizu, Héctor, _d1947- _912322 |
|
| 830 | 0 |
_aBanco Central de la República Dominicana; _v127 _pObras premiadas _n12 _942468 |
|
| 910 | _aValidado. Control de calidad. EMS | ||
| 942 |
_2ddc _cLBS1 |
||
| 999 |
_c19423 _d19423 |
||